| 000 | 00395nam a2200133Ia 4500 | ||
|---|---|---|---|
| 005 | 20260328104330.0 | ||
| 008 | 260328s9999||||xx |||||||||||||| ||und|| | ||
| 100 | _aPagiola, Bishop | ||
| 245 | 0 |
_aSelling Forest Environmental services : _bmarket-based Mechanisms for Conservation and Development . / _cBishop Pagiola |
|
| 260 | _bEarthscan | ||
| 300 | _a241 p. | ||
| 650 | _aBOSQUEZ | ||
| 942 | _cBK | ||
| 999 |
_c11672 _d11672 |
||